[Event "Najdorf Memorial B"]
[Site "Warsaw POL"]
[Date "2021.07.16"]
[Round "7.16"]
[White "Olcha, Dominik"]
[Black "Kaczmarek, Tomasz"]
[Result "0-1"]
[WhiteElo "1394"]
[BlackElo "1586"]
[EventDate "????.??.??"]
[PlyCount "90"]
[LiveChessVersion "1.4.8"]

1.e4 {[%clk 1:30:57]} 1...c5 {[%clk 1:30:59]} 2.Nf3 {[%clk 1:31:20]} 2...Nc6 
{[%clk 1:31:28]} 3.d4 {[%clk 1:31:43]} 3...cxd4 {[%clk 1:31:57]} 4.Nxd4 {[%clk
1:32:08]} 4...e5 {[%clk 1:32:24]} 5.Nb5 {[%clk 1:32:12]} 5...d6 {[%clk 1:32:53]} 
6.N1c3 {[%clk 1:31:50]} 6...a6 {[%clk 1:33:21]} 7.Na3 {[%clk 1:32:13]} 7...Nf6 
{[%clk 1:33:13]} 8.Bg5 {[%clk 1:32:38]} 8...Be7 {[%clk 1:33:33]} 9.Bxf6 {[%clk
1:31:18]} 9...Bxf6 {[%clk 1:32:18]} 10.Nd5 {[%clk 1:31:31]} 10...b5 {[%clk
1:32:11]} 11.c4 {[%clk 1:30:37]} 11...b4 {[%clk 1:32:38]} 12.Nc2 {[%clk
1:31:02]} 12...a5 {[%clk 1:33:04]} 13.g3 {[%clk 1:30:55]} 13...O-O {[%clk
1:33:09]} 14.Bg2 {[%clk 1:31:20]} 14...Rb8 {[%clk 1:18:49]} 15.Qd3 {[%clk
1:29:05]} 15...Bg5 {[%clk 1:16:35]} 16.h4 {[%clk 1:25:17]} 16...Bh6 {[%clk
1:16:48]} 17.Nce3 {[%clk 1:25:38]} 17...Nd4 {[%clk 1:14:35]} 18.Nf5 {[%clk
1:11:17]} 18...Bxf5 {[%clk 1:10:15]} 19.exf5 {[%clk 1:11:38]} 19...b3 {[%clk
1:06:39]} 20.a3 {[%clk 1:11:45]} 20...Nc2+ {[%clk 1:06:43]} 21.Ke2 {[%clk
1:12:01]} 21...Nxa1 {[%clk 0:51:37]} 22.Rxa1 {[%clk 1:12:29]} 22...Re8 {[%clk
0:50:46]} 23.f6 {[%clk 1:07:50]} 23...Qd7 {[%clk 0:22:49]} 24.Ne7+ {[%clk
1:07:57]} 24...Rxe7 {[%clk 0:20:32]} 25.fxe7 {[%clk 1:08:25]} 25...Qxe7 {[%clk
0:21:01]} 26.Rd1 {[%clk 1:08:41]} 26...Qe6 {[%clk 0:17:23]} 27.Qd5 {[%clk
1:03:04]} 27...Kf8 {[%clk 0:09:42]} 28.Qxe6 {[%clk 1:01:14]} 28...fxe6 {[%clk
0:10:11]} 29.Bc6 {[%clk 1:00:11]} 29...Ke7 {[%clk 0:10:16]} 30.Bb5 {[%clk
1:00:14]} 30...d5 {[%clk 0:09:40]} 31.a4 {[%clk 0:54:15]} 31...Kd6 {[%clk
0:07:36]} 32.Rd3 {[%clk 0:53:23]} 32...e4 {[%clk 0:06:37]} 33.Rxb3 {[%clk
0:41:48]} 33...d4 {[%clk 0:07:06]} 34.f3 {[%clk 0:41:09]} 34...d3+ {[%clk
0:06:30]} 35.Kd1 {[%clk 0:41:10]} 35...Rf8 {[%clk 0:04:58]} 36.f4 {[%clk
0:35:03]} 36...e5 {[%clk 0:04:27]} 37.c5+ {[%clk 0:32:55]} 37...Kxc5 {[%clk
0:04:36]} 38.Rc3+ {[%clk 0:33:00]} 38...Kd4 {[%clk 0:04:27]} 39.Rc4+ {[%clk
0:33:05]} 39...Kd5 {[%clk 0:03:13]} 40.b3 {[%clk 0:31:45]} 40...Rf6 {[%clk
0:02:51]} 41.Rc8 {[%clk 0:30:28]} 41...exf4 {[%clk 0:02:44]} 42.Rd8+ {[%clk
0:28:00]} 42...Ke5 {[%clk 0:02:47]} 43.Re8+ {[%clk 0:25:23]} 43...Kd4 {[%clk
0:02:48]} 44.g4 {[%clk 0:24:15]} 44...f3 {[%clk 0:02:40]} 45.Ke1 {[%clk
0:23:48]} 45...d2+ 0-1

[Event "Najdorf Memorial B"]
[Site "Warsaw POL"]
[Date "2021.07.16"]
[Round "7.17"]
[White "Jaroszuk, Marcin"]
[Black "Bartczak, Hanna"]
[Result "1-0"]
[WhiteElo "1571"]
[BlackElo "1443"]
[EventDate "????.??.??"]
[PlyCount "43"]
[LiveChessVersion "1.4.8"]

1.Nf3 {[%clk 1:30:56]} 1...Nf6 {[%clk 1:27:09]} 2.g3 {[%clk 1:31:18]} 2...d5 
{[%clk 1:24:03]} 3.Bg2 {[%clk 1:31:38]} 3...c5 {[%clk 1:23:53]} 4.O-O {[%clk
1:31:57]} 4...Nc6 5.d4 {[%clk 1:32:15]} 5...e6 {[%clk 1:24:34]} 6.c4 {[%clk
1:32:26]} 6...dxc4 {[%clk 1:23:22]} 7.Qa4 {[%clk 1:32:42]} 7...Bd7 {[%clk
1:15:54]} 8.Qxc4 {[%clk 1:33:01]} 8...b6 {[%clk 1:14:55]} 9.Nc3 {[%clk 1:29:44]} 
9...Rc8 {[%clk 1:15:03]} 10.Rd1 {[%clk 1:26:29]} 10...Be7 {[%clk 1:11:54]} 
11.Bf4 {[%clk 1:16:03]} 11...O-O {[%clk 1:09:43]} 12.dxc5 {[%clk 1:09:42]} 
12...Bxc5 {[%clk 1:09:49]} 13.Bg5 {[%clk 1:02:20]} 13...Nb8 {[%clk 1:05:33]} 
14.Qh4 {[%clk 0:59:25]} 14...Be7 {[%clk 0:56:17]} 15.Ne4 {[%clk 0:54:56]} 
15...Nd5 {[%clk 0:50:27]} 16.Rxd5 {[%clk 0:49:52]} 16...exd5 {[%clk 0:49:25]} 
17.Bxe7 {[%clk 0:49:23]} 17...dxe4 {[%clk 0:46:44]} 18.Ng5 {[%clk 0:45:04]} 
18...h6 {[%clk 0:47:08]} 19.Bxd8 {[%clk 0:45:27]} 19...Rfxd8 {[%clk 0:45:53]} 
20.Nxe4 {[%clk 0:43:56]} 20...Bc6 {[%clk 0:46:07]} 21.Bh3 {[%clk 0:36:31]} 
21...g5 {[%clk 0:43:09]} 22.Nxg5 {[%clk 0:36:04]} 1-0

[Event "Najdorf Memorial B"]
[Site "Warsaw POL"]
[Date "2021.07.16"]
[Round "7.18"]
[White "Wilgosz, Jan"]
[Black "Wasylewski, Marcin"]
[Result "1/2-1/2"]
[WhiteElo "1561"]
[BlackElo "1400"]
[EventDate "????.??.??"]
[PlyCount "74"]
[LiveChessVersion "1.4.8"]

1.e4 {[%clk 1:30:22]} 1...c5 {[%clk 1:30:52]} 2.Nc3 {[%clk 1:30:19]} 2...Nc6 
{[%clk 1:30:56]} 3.f4 {[%clk 1:29:49]} 3...g6 {[%clk 1:31:03]} 4.Nf3 {[%clk
1:30:07]} 4...Bg7 {[%clk 1:30:26]} 5.Bb5 {[%clk 1:30:01]} 5...Nd4 {[%clk
1:29:46]} 6.O-O {[%clk 1:30:12]} 6...Nxb5 {[%clk 1:26:34]} 7.Nxb5 {[%clk
1:30:32]} 7...a6 {[%clk 1:24:19]} 8.Nc3 {[%clk 1:30:51]} 8...e6 {[%clk 1:18:41]} 
9.Qe1 {[%clk 1:20:59]} 9...Ne7 {[%clk 1:13:39]} 10.d3 {[%clk 1:17:09]} 10...O-O 
{[%clk 1:07:23]} 11.Qh4 {[%clk 1:12:38]} 11...Nc6 {[%clk 1:04:37]} 12.Qxd8 
{[%clk 1:09:33]} 12...Rxd8 {[%clk 1:04:39]} 13.f5 {[%clk 1:00:37]} 13...Nd4 
{[%clk 1:00:07]} 14.Nxd4 {[%clk 0:58:31]} 14...Bxd4+ {[%clk 0:58:35]} 15.Kh1 
{[%clk 0:58:46]} 15...d5 {[%clk 0:51:35]} 16.fxg6 {[%clk 0:49:11]} 16...hxg6 
{[%clk 0:49:29]} 17.Bg5 {[%clk 0:44:39]} 17...Rd6 {[%clk 0:41:11]} 18.Bf6 
{[%clk 0:38:45]} 18...Bxc3 {[%clk 0:34:30]} 19.Bxc3 {[%clk 0:34:15]} 19...d4 
{[%clk 0:32:32]} 20.Bd2 {[%clk 0:34:27]} 20...e5 {[%clk 0:30:44]} 21.Bg5 {[%clk
0:31:53]} 21...Kg7 {[%clk 0:25:48]} 22.Be7 {[%clk 0:28:34]} 22...Rc6 {[%clk
0:21:56]} 23.Rf2 {[%clk 0:27:21]} 23...b6 {[%clk 0:19:07]} 24.Raf1 {[%clk
0:24:30]} 24...f5 {[%clk 0:18:05]} 25.exf5 {[%clk 0:19:37]} 25...gxf5 {[%clk
0:14:10]} 26.g4 {[%clk 0:15:16]} 26...Rg6 {[%clk 0:08:02]} 27.g5 {[%clk
0:12:55]} 27...Bb7+ {[%clk 0:06:48]} 28.Kg1 {[%clk 0:13:13]} 28...f4 {[%clk
0:05:16]} 29.h4 {[%clk 0:09:46]} 29...Kf7 {[%clk 0:02:43]} 30.Bf6 {[%clk
0:08:41]} 30...Rxf6 {[%clk 0:01:10]} 31.gxf6 {[%clk 0:09:10]} 31...Rg8+ {[%clk
0:01:32]} 32.Kh2 {[%clk 0:09:06]} 32...Rg4 {[%clk 0:01:51]} 33.Kh3 {[%clk
0:08:23]} 33...Rg3+ {[%clk 0:01:29]} 34.Kh2 {[%clk 0:08:33]} 34...Rg4 {[%clk
0:01:25]} 35.Kh3 {[%clk 0:08:48]} 35...Bc8 36.h5 Rg3+ 37.Kh4 Rh3+ 1/2-1/2

[Event "Najdorf Memorial B"]
[Site "Warsaw POL"]
[Date "2021.07.16"]
[Round "7.19"]
[White "Kozak, Jan"]
[Black "Grzadka, Artur"]
[Result "1/2-1/2"]
[WhiteElo "1285"]
[BlackElo "1536"]
[EventDate "????.??.??"]
[PlyCount "121"]
[BlackTitle "I"]
[WhiteTitle "II"]

1.f4 d5 2.Nf3 g6 3.g3 Bg7 4.Bg2 Nh6 5.d3 d4 6.c3 c5 7.O-O O-O 8.e4 dxe3 9.Bxe3 
Qc7 10.Na3 Ng4 11.Qe2 a6 12.Ng5 e5 13.Nc4 Nxe3 14.Qxe3 Nd7 15.fxe5 Nxe5 16.Nxe5 
Bxe5 17.Rxf7 Rxf7 18.Bd5 Qd6 19.Bxf7+ Kg7 20.Ne4 Qe7 21.Rf1 Bf5 22.Bd5 Rd8 
23.Bb3 b6 24.Qg5 Qxg5 25.Nxg5 Rxd3 26.Bc2 Rd5 27.Bxf5 gxf5 28.Ne6+ Kf6 29.Nf4 
Rd2 30.Rf2 Bxf4 31.gxf4 Rd1+ 32.Kg2 Rd8 33.Re2 c4 34.Kf3 b5 35.h3 h6 36.h4 h5 
37.Kf2 Rg8 38.Kf3 Rg4 39.Rh2 Rg1 40.Ke3 Rg3+ 41.Kf2 Rd3 42.Ke2 Rg3 43.Kf2 Rg4 
44.Kf3 Rg1 45.Ke3 Ra1 46.a3 Re1+ 47.Kd2 Rb1 48.Ke3 Re1+ 49.Kd2 Re4 50.Rf2 Ke6 
51.Re2 Rxe2+ 52.Kxe2 Kd5 53.Ke3 a5 54.Kf3 Kc5 55.Ke3 Kd5 56.Kf3 Kc6 57.Ke3 Kc5 
58.Kf3 b4 59.a4 Kd5 60.Ke3 bxc3 61.bxc3 1/2-1/2

[Event "Najdorf Memorial B"]
[Site "Warsaw POL"]
[Date "2021.07.16"]
[Round "7.21"]
[White "Lochina, Justyna"]
[Black "Zdybel, Tomasz"]
[Result "1-0"]
[WhiteElo "1514"]
[BlackElo "1400"]
[EventDate "????.??.??"]
[PlyCount "73"]
[BlackTitle "II"]
[WhiteTitle "I"]

1.e4 c5 2.Nf3 d6 3.d4 cxd4 4.Nxd4 Nf6 5.Nc3 a6 6.Bc4 e6 7.Bb3 Be7 8.O-O O-O 
9.f4 b5 10.Re1 Bb7 11.f5 b4 12.Na4 e5 13.Nf3 Bxe4 14.Rxe4 Nxe4 15.Qd5 Nd7 
16.Qxe4 a5 17.Qe2 Qc7 18.Be3 Rac8 19.c3 Qb7 20.Rd1 h6 21.Bd5 Qc7 22.Bf2 Kh8 
23.Qd2 Nc5 24.Nxc5 dxc5 25.Bg3 Bf6 26.c4 Rfe8 27.Qe2 Qd7 28.Be6 Qxd1+ 29.Qxd1 
fxe6 30.Nxe5 exf5 31.Nf7+ Kh7 32.Nd6 Rcd8 33.Qc2 Bd4+ 34.Kf1 Rf8 35.Nb5 Be3 
36.Be1 g6 37.Nc7 1-0

[Event "Najdorf Memorial B"]
[Site "Warsaw POL"]
[Date "2021.07.16"]
[Round "7.22"]
[White "Grzywocz, Wojciech"]
[Black "Szumigaj, Marcin"]
[Result "0-1"]
[WhiteElo "1276"]
[BlackElo "1492"]
[EventDate "????.??.??"]
[PlyCount "93"]
[BlackTitle "I"]
[WhiteTitle "II"]

1.e4 c5 2.Nf3 e6 3.d4 cxd4 4.Nxd4 a6 5.c4 Qc7 6.Be3 Nf6 7.Bd3 Be7 8.Nc3 d6 9.f3 
Nc6 10.Nc2 b6 11.Qd2 Nd7 12.b3 Bb7 13.Rd1 Nce5 14.Nd4 Rc8 15.Nde2 h6 16.Bb1 Rd8 
17.Bd4 g5 18.f4 gxf4 19.Nxf4 Bh4+ 20.Bf2 Bxf2+ 21.Qxf2 Qc5 22.Na4 Qxf2+ 23.Kxf2 
Ke7 24.Rhe1 Rhg8 25.h3 Bc6 26.Nc3 Nc5 27.b4 Na4 28.Nce2 Nxc4 29.Nd4 Bd7 30.Bc2 
Rc8 31.Bb3 b5 32.Re2 Nc3 33.Nf5+ exf5 34.Nd5+ Nxd5 35.Rxd5 fxe4 36.Rxe4+ Be6 
37.Rh5 Rg6 38.Reh4 Rcg8 39.g4 Rf6+ 40.Ke2 Rf4 41.Rxh6 Rg6 42.Rxg6 fxg6 43.Bc2 
Ne5 44.Rh7+ Kf6 45.a3 Rc4 46.Kd2 Nf3+ 47.Kd3 0-1

[Event "Najdorf Memorial B"]
[Site "Warsaw POL"]
[Date "2021.07.16"]
[Round "7.23"]
[White "Switala, Karina"]
[Black "Ambroziak, Mateusz"]
[Result "1/2-1/2"]
[WhiteElo "1235"]
[BlackElo "1487"]
[EventDate "????.??.??"]
[PlyCount "58"]
[BlackTitle "II"]
[WhiteTitle "II+"]

1.f4 c5 2.Nf3 g6 3.g3 Bg7 4.Bg2 Nc6 5.c3 d5 6.d4 cxd4 7.cxd4 Qb6 8.e3 Bf5 9.a3 
Nf6 10.O-O O-O 11.Nc3 e6 12.h3 Na5 13.b4 Nc4 14.g4 Be4 15.Nxe4 Nxe4 16.Ne5 Nxe5 
17.fxe5 Rac8 18.Bxe4 dxe4 19.Bd2 f5 20.exf6 Rxf6 21.Rxf6 Bxf6 22.Rc1 Rc6 23.Qb3 
Rxc1+ 24.Bxc1 Qc7 25.Qb2 Qb6 26.Qg2 Qb5 27.Qf1 Qxf1+ 28.Kxf1 b5 29.Ke1 Be7 1/2-1/2

[Event "Najdorf Memorial B"]
[Site "Warsaw POL"]
[Date "2021.07.18"]
[Round "9.1"]
[White "Malowidzki, Maciej"]
[Black "Rejniak, Zuzanna"]
[Result "1/2-1/2"]
[WhiteElo "1415"]
[BlackElo "1768"]
[EventDate "????.??.??"]
[PlyCount "32"]
[LiveChessVersion "1.4.8"]

1.c4 {[%clk 1:30:58]} 1...c5 {[%clk 1:30:56]} 2.g3 {[%clk 1:31:20]} 2...Nc6 
{[%clk 1:31:20]} 3.Bg2 {[%clk 1:31:46]} 3...g6 {[%clk 1:31:42]} 4.Nc3 {[%clk
1:32:13]} 4...Bg7 {[%clk 1:32:06]} 5.Nf3 {[%clk 1:32:41]} 5...d6 {[%clk
1:32:29]} 6.O-O {[%clk 1:32:37]} 6...Bg4 {[%clk 1:32:54]} 7.d3 {[%clk 1:31:10]} 
7...Qd7 {[%clk 1:29:12]} 8.Rb1 {[%clk 1:22:57]} 8...Nf6 {[%clk 1:12:18]} 9.a3 
{[%clk 1:18:22]} 9...Bh3 {[%clk 1:11:15]} 10.b4 {[%clk 1:14:19]} 10...Nd4 
{[%clk 1:03:37]} 11.e3 {[%clk 0:54:33]} 11...Bxg2 {[%clk 1:01:01]} 12.Kxg2 
{[%clk 0:55:01]} 12...cxb4 {[%clk 0:58:53]} 13.Rxb4 {[%clk 0:50:43]} 13...Nc6 
{[%clk 0:57:45]} 14.Rb1 {[%clk 0:49:38]} 14...O-O {[%clk 0:55:31]} 15.Qb3 
{[%clk 0:46:37]} 15...b6 {[%clk 0:51:57]} 16.Bb2 {[%clk 0:46:06]} 16...Rac8 
{[%clk 0:47:56]} 1/2-1/2

[Event "Najdorf Memorial B"]
[Site "Warsaw POL"]
[Date "2021.07.18"]
[Round "9.2"]
[White "Kopaniewski, Jakub"]
[Black "Wieckowski, Michal"]
[Result "0-1"]
[WhiteElo "1634"]
[BlackElo "1614"]
[EventDate "????.??.??"]
[PlyCount "92"]
[LiveChessVersion "1.4.8"]

1.d4 {[%clk 1:30:55]} 1...f5 {[%clk 1:30:59]} 2.Bg5 {[%clk 1:31:20]} 2...h6 
{[%clk 1:31:29]} 3.Bh4 {[%clk 1:31:40]} 3...g5 {[%clk 1:31:57]} 4.Bg3 {[%clk
1:32:06]} 4...Nf6 {[%clk 1:31:33]} 5.e3 {[%clk 1:32:29]} 5...e6 {[%clk 1:30:23]} 
6.h4 {[%clk 1:30:56]} 6...g4 {[%clk 1:25:21]} 7.h5 {[%clk 1:28:41]} 7...c5 
{[%clk 1:22:45]} 8.Nc3 {[%clk 1:21:49]} 8...cxd4 {[%clk 1:20:43]} 9.exd4 {[%clk
1:20:03]} 9...Qa5 {[%clk 1:19:47]} 10.Be5 {[%clk 1:15:26]} 10...Be7 {[%clk
1:16:57]} 11.a3 {[%clk 0:59:58]} 11...d6 {[%clk 1:13:49]} 12.Bf4 {[%clk
0:58:26]} 12...Nc6 {[%clk 1:06:41]} 13.Ne2 {[%clk 0:49:22]} 13...e5 {[%clk
0:49:29]} 14.b4 {[%clk 0:34:55]} 14...Qb6 {[%clk 0:49:04]} 15.b5 {[%clk
0:32:30]} 15...exf4 {[%clk 0:35:08]} 16.bxc6 {[%clk 0:32:45]} 16...f3 {[%clk
0:28:45]} 17.gxf3 {[%clk 0:29:55]} 17...Qxc6 {[%clk 0:28:40]} 18.Qd2 {[%clk
0:24:55]} 18...Bd7 {[%clk 0:24:01]} 19.d5 {[%clk 0:23:22]} 19...Qc5 {[%clk
0:23:48]} 20.f4 {[%clk 0:16:21]} 20...Rc8 {[%clk 0:23:17]} 21.Bg2 {[%clk
0:16:06]} 21...O-O {[%clk 0:23:26]} 22.Rb1 {[%clk 0:14:10]} 22...Bd8 {[%clk
0:22:56]} 23.O-O {[%clk 0:14:19]} 23...b6 {[%clk 0:21:28]} 24.Rb2 {[%clk
0:10:57]} 24...Nxh5 {[%clk 0:21:45]} 25.Nd1 {[%clk 0:10:20]} 25...Bf6 {[%clk
0:20:16]} 26.c3 {[%clk 0:09:03]} 26...Rfe8 {[%clk 0:19:29]} 27.Nd4 {[%clk
0:08:45]} 27...Bxd4 {[%clk 0:15:56]} 28.cxd4 {[%clk 0:09:08]} 28...Qc1 {[%clk
0:16:18]} 29.Qb4 {[%clk 0:06:24]} 29...Qxf4 {[%clk 0:16:14]} 30.Ne3 {[%clk
0:06:13]} 30...Rxe3 {[%clk 0:07:46]} 31.fxe3 {[%clk 0:06:37]} 31...Qxe3+ {[%clk
0:08:13]} 32.Kh2 {[%clk 0:06:39]} 32...Qg3+ {[%clk 0:08:06]} 33.Kh1 {[%clk
0:05:42]} 33...Qh4+ {[%clk 0:05:57]} 34.Kg1 {[%clk 0:06:08]} 34...g3 {[%clk
0:05:33]} 35.Re1 {[%clk 0:05:55]} 35...Qf4 {[%clk 0:02:26]} 36.Qd2 {[%clk
0:05:30]} 36...Kf7 {[%clk 0:01:54]} 37.Rf1 {[%clk 0:01:17]} 37...Qh4 {[%clk
0:02:19]} 38.Re1 {[%clk 0:01:40]} 38...Nf6 {[%clk 0:02:30]} 39.Qe3 {[%clk
0:01:25]} 39...Re8 {[%clk 0:02:52]} 40.Qd2 {[%clk 0:01:39]} 40...Rxe1+ {[%clk
0:02:56]} 41.Qxe1 {[%clk 0:02:04]} 41...Qxd4+ {[%clk 0:03:22]} 42.Kh1 {[%clk
0:02:20]} 42...Qxb2 {[%clk 0:03:43]} 43.Qxg3 {[%clk 0:02:44]} 43...Qc1+ {[%clk
0:03:46]} 44.Kh2 {[%clk 0:02:58]} 44...Ng4+ {[%clk 0:04:04]} 45.Kh3 {[%clk
0:03:13]} 45...f4 {[%clk 0:04:22]} 46.Qh4 {[%clk 0:02:52]} 46...Qe3+ {[%clk
0:04:44]} 0-1

[Event "Najdorf Memorial B"]
[Site "Warsaw POL"]
[Date "2021.07.18"]
[Round "9.3"]
[White "Smetek, Michal"]
[Black "Rzenca, Jerzy"]
[Result "1-0"]
[WhiteElo "1315"]
[BlackElo "1569"]
[EventDate "????.??.??"]
[PlyCount "51"]
[LiveChessVersion "1.4.8"]

1.d4 {[%clk 1:30:58]} 1...d5 {[%clk 1:28:45]} 2.c4 {[%clk 1:31:26]} 2...c6 
{[%clk 1:29:07]} 3.Nf3 {[%clk 1:31:48]} 3...Nf6 {[%clk 1:29:23]} 4.Nc3 {[%clk
1:32:06]} 4...dxc4 {[%clk 1:29:47]} 5.a4 {[%clk 1:32:32]} 5...Bf5 {[%clk
1:30:02]} 6.Ne5 {[%clk 1:32:55]} 6...Nbd7 {[%clk 1:30:26]} 7.Nxc4 {[%clk
1:33:08]} 7...Nb6 {[%clk 1:30:51]} 8.Ne5 {[%clk 1:33:25]} 8...Nfd7 {[%clk
1:28:22]} 9.e4 {[%clk 1:33:06]} 9...Nxe5 {[%clk 1:24:38]} 10.exf5 {[%clk
1:33:16]} 10...Ned7 {[%clk 1:24:48]} 11.a5 {[%clk 1:32:21]} 11...Nc8 {[%clk
1:20:10]} 12.g3 {[%clk 1:27:22]} 12...a6 {[%clk 1:19:12]} 13.d5 {[%clk 1:26:00]} 
13...c5 {[%clk 1:19:14]} 14.Bg2 {[%clk 1:23:56]} 14...Nd6 {[%clk 1:19:09]} 
15.O-O {[%clk 1:23:28]} 15...Nxf5 {[%clk 1:17:31]} 16.Re1 {[%clk 1:19:18]} 
16...Nf6 {[%clk 1:07:38]} 17.Bf4 {[%clk 1:03:48]} 17...Ra7 {[%clk 1:00:51]} 
18.Qa4+ {[%clk 0:50:52]} 18...Nd7 {[%clk 0:37:14]} 19.d6 {[%clk 0:42:11]} 
19...e6 {[%clk 0:36:50]} 20.Rad1 {[%clk 0:34:39]} 20...g5 {[%clk 0:33:36]} 
21.Nd5 {[%clk 0:34:18]} 21...Bxd6 {[%clk 0:27:20]} 22.Bxd6 {[%clk 0:33:54]} 
22...Nxd6 {[%clk 0:27:45]} 23.Nb6 {[%clk 0:33:36]} 23...Ke7 {[%clk 0:27:07]} 
24.Rxd6 {[%clk 0:33:45]} 24...Kxd6 {[%clk 0:23:36]} 25.Rd1+ {[%clk 0:34:09]} 
25...Ke5 {[%clk 0:23:59]} 26.Nxd7+ {[%clk 0:33:58]} 1-0

[Event "Najdorf Memorial B"]
[Site "Warsaw POL"]
[Date "2021.07.18"]
[Round "9.4"]
[White "Janik, Marcin"]
[Black "Bartnik, Michal"]
[Result "1/2-1/2"]
[WhiteElo "1705"]
[BlackElo "1407"]
[EventDate "????.??.??"]
[PlyCount "78"]
[LiveChessVersion "1.4.8"]

1.d4 {[%clk 1:30:59]} 1...d5 {[%clk 1:30:44]} 2.c4 {[%clk 1:31:23]} 2...e6 
{[%clk 1:30:45]} 3.g3 {[%clk 1:31:41]} 3...Nf6 {[%clk 1:31:10]} 4.Bg2 {[%clk
1:32:07]} 4...Be7 {[%clk 1:31:31]} 5.Nf3 {[%clk 1:32:31]} 5...O-O {[%clk
1:31:57]} 6.O-O {[%clk 1:29:51]} 6...Nbd7 {[%clk 1:32:02]} 7.Nbd2 {[%clk
1:27:35]} 7...c6 {[%clk 1:30:05]} 8.Qc2 {[%clk 1:27:09]} 8...b6 {[%clk 1:26:56]} 
9.e4 {[%clk 1:25:31]} 9...Bb7 10.e5 {[%clk 1:22:04]} 10...Ne8 {[%clk 1:16:12]} 
11.b3 {[%clk 1:04:49]} 11...Rc8 {[%clk 1:16:19]} 12.Bb2 {[%clk 1:02:33]} 
12...c5 {[%clk 1:14:48]} 13.Qd1 {[%clk 0:47:32]} 13...f5 {[%clk 1:07:30]} 
14.exf6 {[%clk 0:46:36]} 14...Bxf6 {[%clk 1:07:34]} 15.Qe2 {[%clk 0:45:26]} 
15...Nc7 {[%clk 1:07:31]} 16.Ne5 {[%clk 0:41:41]} 16...Qe7 {[%clk 1:04:04]} 
17.Rfe1 {[%clk 0:38:39]} 17...Rfe8 {[%clk 0:59:31]} 18.Rac1 {[%clk 0:38:29]} 
18...Bxe5 {[%clk 0:58:26]} 19.dxe5 {[%clk 0:38:53]} 19...Ba8 {[%clk 0:56:28]} 
20.cxd5 {[%clk 0:35:25]} 20...exd5 {[%clk 0:55:10]} 21.f4 {[%clk 0:35:32]} 
21...b5 {[%clk 0:47:40]} 22.h3 {[%clk 0:28:28]} 22...c4 {[%clk 0:46:32]} 23.Qe3 
{[%clk 0:19:18]} 23...Na6 {[%clk 0:39:53]} 24.bxc4 {[%clk 0:16:10]} 24...bxc4 
{[%clk 0:39:58]} 25.Ba3 {[%clk 0:12:47]} 25...Qe6 {[%clk 0:36:46]} 26.Nf3 
{[%clk 0:11:54]} 26...Qb6 {[%clk 0:34:51]} 27.Qxb6 {[%clk 0:10:31]} 27...axb6 
{[%clk 0:35:09]} 28.Nd4 {[%clk 0:10:34]} 28...Nac5 {[%clk 0:35:07]} 29.Rb1 
{[%clk 0:08:56]} 29...Rb8 {[%clk 0:34:04]} 30.Nb5 {[%clk 0:08:47]} 30...Rec8 
{[%clk 0:33:04]} 31.Na7 {[%clk 0:03:23]} 31...Rc7 {[%clk 0:32:45]} 32.Nb5 
{[%clk 0:03:47]} 32...Rcc8 {[%clk 0:33:14]} 33.Na7 {[%clk 0:04:03]} 33...Re8 
{[%clk 0:32:04]} 34.Nb5 {[%clk 0:04:32]} 34...Nd3 {[%clk 0:29:56]} 35.Re2 
{[%clk 0:04:01]} 35...Rec8 {[%clk 0:27:57]} 36.Na7 {[%clk 0:04:20]} 36...Re8 
37.Nb5 N7c5 38.Nc7 Red8 39.Nxa8 Rxa8 {[%clk 0:27:22]} 1/2-1/2

[Event "Najdorf Memorial B"]
[Site "Warsaw POL"]
[Date "2021.07.18"]
[Round "9.5"]
[White "Rutkowski, Piotr"]
[Black "Warcaba, Jakub"]
[Result "1-0"]
[WhiteElo "1688"]
[BlackElo "1735"]
[EventDate "????.??.??"]
[PlyCount "73"]
[LiveChessVersion "1.4.8"]

1.e4 {[%clk 1:30:47]} 1...c5 {[%clk 1:30:41]} 2.Nf3 {[%clk 1:31:09]} 2...d6 
{[%clk 1:31:03]} 3.d4 {[%clk 1:30:12]} 3...cxd4 {[%clk 1:31:28]} 4.Nxd4 {[%clk
1:30:37]} 4...Nf6 {[%clk 1:31:54]} 5.Nc3 {[%clk 1:30:57]} 5...a6 {[%clk
1:32:20]} 6.Bg5 {[%clk 1:31:20]} 6...e6 {[%clk 1:32:40]} 7.f4 {[%clk 1:31:43]} 
7...h6 {[%clk 1:33:04]} 8.Bh4 {[%clk 1:32:05]} 8...Qb6 {[%clk 1:33:13]} 9.a3 
{[%clk 1:27:33]} 9...Be7 {[%clk 1:32:16]} 10.Bf2 {[%clk 1:27:46]} 10...Qc7 
{[%clk 1:32:40]} 11.Qf3 {[%clk 1:26:48]} 11...Nbd7 {[%clk 1:29:38]} 12.O-O-O 
{[%clk 1:27:07]} 12...b5 {[%clk 1:27:32]} 13.g4 {[%clk 1:20:56]} 13...g5 {[%clk
1:26:27]} 14.h4 {[%clk 1:21:19]} 14...gxf4 {[%clk 1:25:30]} 15.g5 {[%clk
1:17:57]} 15...Ne5 {[%clk 1:20:26]} 16.Qxf4 {[%clk 1:18:20]} 16...hxg5 {[%clk
1:12:34]} 17.hxg5 {[%clk 1:17:18]} 17...Rxh1 {[%clk 1:11:46]} 18.gxf6 {[%clk
1:11:34]} 18...Rxf1 {[%clk 1:11:37]} 19.Rxf1 {[%clk 1:11:54]} 19...Bf8 {[%clk
1:10:50]} 20.Rh1 {[%clk 0:57:21]} 20...Bb7 {[%clk 1:04:14]} 21.Rh7 {[%clk
0:56:40]} 21...Qc4 {[%clk 1:04:19]} 22.Qd2 {[%clk 0:54:17]} 22...Ng4 23.Rh8 
{[%clk 0:20:59]} 23...Qf1+ {[%clk 0:47:28]} 24.Nd1 {[%clk 0:21:18]} 24...Bxe4 
{[%clk 0:44:58]} 25.Nxe6 {[%clk 0:21:30]} 25...fxe6 {[%clk 0:44:40]} 26.Qxd6 
{[%clk 0:20:01]} 26...Kf7 {[%clk 0:42:59]} 27.Qc7+ {[%clk 0:16:55]} 27...Kg6 
{[%clk 0:39:01]} 28.Qh7+ {[%clk 0:16:36]} 28...Kg5 {[%clk 0:39:09]} 29.Rg8+ 
{[%clk 0:12:25]} 29...Kxf6 {[%clk 0:37:11]} 30.Bh4+ {[%clk 0:12:23]} 30...Ke5 
{[%clk 0:37:04]} 31.Bg3+ {[%clk 0:12:33]} 31...Kd5 {[%clk 0:26:48]} 32.Qd7+ 
{[%clk 0:12:40]} 32...Kc5 {[%clk 0:27:03]} 33.Rxg4 {[%clk 0:12:43]} 33...Bh6+ 
{[%clk 0:27:07]} 34.Kb1 {[%clk 0:13:07]} 34...Bxc2+ {[%clk 0:25:40]} 35.Kxc2 
{[%clk 0:12:09]} 35...Qf5+ {[%clk 0:25:37]} 36.Kb3 {[%clk 0:12:23]} 36...Qxg4 
{[%clk 0:25:28]} 37.Bf2+ {[%clk 0:12:46]} 1-0